[Event "GER-ch U10"]
[Site "Willingen"]
[Date "2008.05.11"]
[Round "9"]
[White "Padelt, Aaron"]
[Black "Hemprich, Iustus"]
[Result "1-0"]
[WhiteElo "1023"]
[BlackElo "1184"]
[PlyCount "63"]
[EventDate "2008.05.11"]
[EventType "swiss"]
[EventRounds "11"]
[EventCountry "GER"]
[SourceTitle "CBM 124 Extra"]
[Source "ChessBase"]
[SourceDate "2008.07.03"]
[SourceVersion "1"]
[SourceVersionDate "2008.07.03"]
[SourceQuality "1"]

1. d4 d5 2. c4 c6 3. Nc3 Nf6 4. Nf3 e6 5. Qc2 Nbd7 6. Bg5 Be7 7. e3 0-0 8. Bd3 dxc4 9. Bxc4 b5 10. Bd3 Bb7 11. Rd1 Re8 12. Ne5 h6 13. Bh4 Qc7 14. Bg3 Nxe5 15. Bxe5 Qd8 16. 0-0 Bd6 17. h3 Qe7 18. f4 Bxe5 19. fxe5 Nd5 20. Rf3 Nxc3 21. bxc3 c5 22. Rg3 a6 23. Rf1 Qc7 24. Qf2 Kh8 25. Qxf7 Qxf7 26. Rxf7 c4 27. Bc2 Bc6 28. Rgxg7 Red8 29. Rh7+ Kg8 30. Rfg7+ Kf8 31. Rc7 Rd7 32. Rcxd7 1-0

[Event "GER-ch U10"]
[Site "Willingen"]
[Date "2008.05.11"]
[Round "11"]
[White "Padelt, Aaron"]
[Black "Storch, Domenic"]
[Result "0-1"]
[WhiteElo "1023"]
[BlackElo "1338"]
[PlyCount "100"]
[EventDate "2008.05.11"]
[EventType "swiss"]
[EventRounds "11"]
[EventCountry "GER"]
[SourceTitle "CBM 124 Extra"]
[Source "ChessBase"]
[SourceDate "2008.07.03"]
[SourceVersion "1"]
[SourceVersionDate "2008.07.03"]
[SourceQuality "1"]

1. d4 d5 2. c4 c6 3. Nc3 Nf6 4. Nf3 Bg4 5. Bg5 e6 6. Ne5 Bh5 7. Qc2 Be7 8. e3 0-0 9. Bd3 Bg6 10. f4 Bxd3 11. Qxd3 Nbd7 12. h3 Rb8 13. 0-0 Nxe5 14. fxe5 Ne8 15. Bxe7 Qxe7 16. Rf3 Qb4 17. b3 a5 18. Raf1 f5 19. Na4 dxc4 20. Qe2 cxb3 21. axb3 Qxb3 22. Nc5 Qd5 23. e4 Qxd4+ 24. Qf2 Qxf2+ 25. R1xf2 Rf7 26. Nxe6 Nc7 27. Ng5 Rff8 28. exf5 b5 29. f6 h6 30. f7+ Kh8 31. Ne4 Ne6 32. Nd6 a4 33. Nf5 Rxf7 34. g4 c5 35. Nd6 Rxf3 36. Rxf3 b4 37. Nf7+ Kg8 38. Nd6 b3 39. Nc4 Nd4 40. Rf2 Rb4 41. Nb2 a3 42. Nd3 b2 43. Nxb4 b1Q+ 44. Kg2 Qxb4 45. h4 Qb7+ 46. Kh3 Qf3+ 47. Rxf3 Nxf3 48. Kg3 a2 49. Kxf3 a1Q 50. e6 Qf6+ 0-1